[Event "Tradewise Gibraltar Chess Festival 2013"]
[Site "Gibraltar ENG"]
[Date "2013.01.30"]
[Round "9.12"]
[White "Oparin, Grigoriy"]
[Black "Tkachiev, Vladislav"]
[Result "1/2-1/2"]
[WhiteElo "2478"]
[BlackElo "2650"]
[PlyCount "90"]
[EventDate "2013.01.22"]
[EventType "swiss"]
[EventRounds "10"]
[EventCountry "ENG"]
[Source "lmi"]
[SourceDate "2013.01.22"]

1. e4 e5 2. Nf3 Nc6 3. Bb5 a6 4. Ba4 Nf6 5. O-O Be7 6. Re1 b5 7. Bb3 O-O 8. a4
b4 9. d3 Rb8 10. Nbd2 Bc5 11. Nc4 d6 12. h3 h6 13. c3 bxc3 14. bxc3 Be6 15. Ba2
Re8 16. Re2 Qd7 17. d4 exd4 18. cxd4 Nb4 19. Bb3 Ba7 20. Ba3 Nc6 21. Ba2 Bxh3
22. gxh3 Qxh3 23. Re3 Rxe4 24. Nh2 Rxe3 25. Nxe3 Bxd4 26. Qf1 Qh5 27. Re1 Ne5
28. Qe2 Qg6+ 29. Kh1 Nd3 30. Rd1 Qe4+ 31. f3 Qxe3 32. Qxe3 Bxe3 33. Rxd3 Bb6
34. Bc4 Re8 35. Bb4 a5 36. Bd2 Re5 37. Ng4 Nxg4 38. fxg4 Re4 39. Bb3 Kf8 40. g5
Rh4+ 41. Kg2 hxg5 42. Rd5 Rg4+ 43. Kf3 Rh4 44. Kg2 Rg4+ 45. Kf3 Rh4 1/2-1/2

[Event "Tradewise Gibraltar Chess Festival 2013"]
[Site "Gibraltar ENG"]
[Date "2013.01.30"]
[Round "9.13"]
[White "Wojtaszek, Radoslaw"]
[Black "Cmilyte, Viktorija"]
[Result "1-0"]
[WhiteElo "2723"]
[BlackElo "2515"]
[PlyCount "103"]
[EventDate "2013.01.22"]
[EventType "swiss"]
[EventRounds "10"]
[EventCountry "ENG"]
[Source "lmi"]
[SourceDate "2013.01.22"]

1. d4 d6 2. Nf3 f5 3. c4 Nf6 4. Nc3 g6 5. g3 Bg7 6. Bg2 O-O 7. O-O c6 8. Rb1 a5
9. Qb3 Kh8 10. Rd1 Na6 11. Be3 Rb8 12. d5 c5 13. Bd2 Bd7 14. a4 Nb4 15. Ng5 Qc8
16. Nb5 h6 17. Nh3 Ne4 18. Be1 Kh7 19. f3 Nf6 20. Bc3 Bxb5 21. axb5 e5 22. Nf2
Nd7 23. Ra1 Ra8 24. e4 f4 25. Bd2 h5 26. Bh3 Qc7 27. Be6 Bh6 28. Nh3 Nb6 29.
Kh1 a4 30. Qc3 Rae8 31. b3 Rxe6 32. dxe6 Qe7 33. bxa4 Qxe6 34. Ng1 Nxc4 35. Qb3
Re8 36. Bxb4 fxg3 37. hxg3 cxb4 38. Ra2 Na5 39. Qxe6 Rxe6 40. Rb2 b3 41. Ne2
Rf6 42. Rd3 Rf7 43. b6 Bg5 44. Rd5 Nc4 45. Rxb3 Ne3 46. Rxd6 Rxf3 47. Rd7+ Kh6
48. Rxb7 Rf2 49. Rf7 Rxe2 50. b7 Re1+ 51. Kh2 Re2+ 52. Kg1 1-0

[Event "Tradewise Gibraltar Chess Festival 2013"]
[Site "Gibraltar ENG"]
[Date "2013.01.30"]
[Round "9.14"]
[White "Harika, Dronavalli"]
[Black "Jones, Gawain C B"]
[Result "0-1"]
[WhiteElo "2514"]
[BlackElo "2632"]
[PlyCount "156"]
[EventDate "2013.01.22"]
[EventType "swiss"]
[EventRounds "10"]
[EventCountry "ENG"]
[Source "lmi"]
[SourceDate "2013.01.22"]

1. Nf3 Nf6 2. c4 g6 3. g3 Bg7 4. Bg2 O-O 5. d4 d6 6. O-O Nc6 7. Nc3 a6 8. h3
Rb8 9. Be3 e6 10. a4 b6 11. d5 Na5 12. Nd2 Nb7 13. Nb3 e5 14. a5 Nxa5 15. Nxa5
bxa5 16. Qc1 Nh5 17. Bd2 f5 18. c5 e4 19. Rxa5 Bd4 20. Be3 Bxe3 21. Qxe3 f4 22.
gxf4 Nxf4 23. Ra4 Rxb2 24. Rxe4 Qf6 25. cxd6 cxd6 26. Kh2 Rb3 27. Rc4 Nxe2 28.
Qxe2 Rxc3 29. Rxc3 Qxc3 30. f4 a5 31. Qe7 Qb4 32. h4 Bg4 33. h5 Bxh5 34. f5
gxf5 35. Qe6+ Kg7 36. Rxf5 Rxf5 37. Qxf5 Qg4 38. Qf2 a4 39. Qb2+ Kg6 40. Qc2+
Kh6 41. Qd2+ Qg5 42. Qb4 Qe5+ 43. Kg1 Kg5 44. Qa5 Qe3+ 45. Kh1 Qc1+ 46. Kh2
Qf4+ 47. Kh1 Bf3 48. Qd8+ Kh6 49. Qc8 Bxg2+ 50. Kxg2 Qg5+ 51. Kh3 Qh5+ 52. Kg3
Qe5+ 53. Kg4 Qg5+ 54. Kh3 Qxd5 55. Qf8+ Kg6 56. Qe8+ Kg5 57. Qe7+ Kg6 58. Qe8+
Qf7 59. Qxa4 h5 60. Kg3 Qe6 61. Qc2+ Qf5 62. Qc4 Kf6 63. Qc7 Qg4+ 64. Kf2 Ke5
65. Qa5+ Ke6 66. Qa8 Qf4+ 67. Kg2 Qd2+ 68. Kh3 Qd3+ 69. Kh2 Qe2+ 70. Kg1 Qg4+
71. Kf2 Qf5+ 72. Ke3 Kf7 73. Qd8 Qf6 74. Qa8 h4 75. Kd3 h3 76. Qa7+ Kg6 77.
Qg1+ Qg5 78. Qh2 Qd5+ 0-1

[Event "Tradewise Gibraltar Chess Festival 2013"]
[Site "Gibraltar ENG"]
[Date "2013.01.30"]
[Round "9.15"]
[White "Ju, Wenjun"]
[Black "Bartel, Mateusz"]
[Result "1/2-1/2"]
[WhiteElo "2505"]
[BlackElo "2629"]
[PlyCount "72"]
[EventDate "2013.01.22"]
[EventType "swiss"]
[EventRounds "10"]
[EventCountry "ENG"]
[Source "lmi"]
[SourceDate "2013.01.22"]

1. d4 d6 2. Nf3 g6 3. e4 Bg7 4. c3 Nf6 5. Bd3 O-O 6. O-O c5 7. h3 Nc6 8. d5 Ne5
9. Nxe5 dxe5 10. Be3 b6 11. Nd2 Nh5 12. Re1 e6 13. Bc4 exd5 14. Bxd5 Rb8 15. a4
Kh8 16. Nc4 Qe7 17. Qe2 Ba6 18. Rad1 Rbd8 19. b3 h6 20. Rd2 Nf6 21. Red1 Nxd5
22. Rxd5 Rxd5 23. Rxd5 Bb7 24. Rd6 Bxe4 25. Bxh6 Bxh6 26. Qxe4 Bg7 27. f4 Re8
28. fxe5 Bxe5 29. Nxe5 Qxe5 30. Qxe5+ Rxe5 31. Kf2 Re7 32. Rc6 Kg7 33. a5 bxa5
34. Rxc5 Rb7 35. Rxa5 Rxb3 36. Rxa7 Rxc3 1/2-1/2

[Event "Tradewise Gibraltar Chess Festival 2013"]
[Site "Gibraltar ENG"]
[Date "2013.01.30"]
[Round "9.16"]
[White "Gallagher, Joseph G"]
[Black "Swiercz, Dariusz"]
[Result "1-0"]
[WhiteElo "2499"]
[BlackElo "2627"]
[PlyCount "75"]
[EventDate "2013.01.22"]
[EventType "swiss"]
[EventRounds "10"]
[EventCountry "ENG"]
[Source "lmi"]
[SourceDate "2013.01.22"]

1. e4 c5 2. Nf3 d6 3. d4 cxd4 4. Nxd4 Nf6 5. f3 e5 6. Nb3 Be7 7. c4 a5 8. Be3
a4 9. N3d2 Qa5 10. Nc3 O-O 11. Be2 Be6 12. O-O Bd8 13. Kh1 Nbd7 14. Nd5 Rc8 15.
b4 Qa8 16. Qe1 a3 17. Bd3 Nh5 18. Rc1 Ndf6 19. Qd1 h6 20. g4 Bxd5 21. cxd5 Nf4
22. Nc4 Qb8 23. Nxa3 Rxc1 24. Bxc1 Bb6 25. Nb5 Rc8 26. a4 h5 27. a5 Ba7 28. Bb1
hxg4 29. fxg4 Rc4 30. Bxf4 exf4 31. e5 dxe5 32. g5 Ne4 33. Qe2 Rxb4 34. Bxe4
Be3 35. Qd3 Qd8 36. d6 Rb2 37. Qc4 Qd7 38. Qc7 1-0

[Event "Tradewise Gibraltar Chess Festival 2013"]
[Site "Gibraltar ENG"]
[Date "2013.01.30"]
[Round "9.17"]
[White "Cernousek, Lukas"]
[Black "Gordon, Stephen J"]
[Result "0-1"]
[WhiteElo "2453"]
[BlackElo "2533"]
[PlyCount "82"]
[EventDate "2013.01.22"]
[EventType "swiss"]
[EventRounds "10"]
[EventCountry "ENG"]
[Source "lmi"]
[SourceDate "2013.01.22"]

1. e4 c5 2. Nf3 d6 3. d4 cxd4 4. Nxd4 Nf6 5. Nc3 a6 6. Bg5 Nbd7 7. Bc4 Qb6 8.
Qd2 Qxb2 9. Rb1 Qa3 10. O-O e6 11. Bd5 Nc5 12. Rfe1 h6 13. Bh4 g5 14. Bg3 Nh5
15. Bxd6 Bxd6 16. Ndb5 axb5 17. Nxb5 Qa6 18. Bc4 Bxh2+ 19. Kxh2 O-O 20. Nc7
Qxc4 21. Nxa8 Nxe4 22. Qb4 Qxb4 23. Rxb4 Nef6 24. Nb6 Nd5 25. Nxd5 exd5 26. Rb6
Kg7 27. Rd6 Nf6 28. Re7 Kg6 29. a4 Be6 30. Rxb7 Ra8 31. Rb4 Ne4 32. Rdb6 Nc3
33. Rb3 Nxa4 34. Rc6 Ra5 35. Ra3 Rc5 36. Rxc5 Nxc5 37. c3 Kf5 38. f3 Nd3 39.
Kg3 h5 40. Ra4 h4+ 41. Kh2 Nf4 0-1

[Event "Tradewise Gibraltar Chess Festival 2013"]
[Site "Gibraltar ENG"]
[Date "2013.01.30"]
[Round "9.18"]
[White "Fenollar Jorda, Manuel"]
[Black "Cramling, Pia"]
[Result "0-1"]
[WhiteElo "2325"]
[BlackElo "2518"]
[PlyCount "78"]
[EventDate "2013.01.22"]
[EventType "swiss"]
[EventRounds "10"]
[EventCountry "ENG"]
[Source "lmi"]
[SourceDate "2013.01.22"]

1. d4 Nf6 2. c4 e6 3. Nc3 Bb4 4. e3 O-O 5. Bd3 d5 6. cxd5 exd5 7. Nge2 b6 8.
O-O Bb7 9. Bd2 Re8 10. Rc1 a6 11. Bb1 Bd6 12. Ng3 Nbd7 13. Nh5 g6 14. Nxf6+
Nxf6 15. Bd3 c5 16. dxc5 bxc5 17. Na4 Rc8 18. b3 Ne4 19. Be1 Qh4 20. h3 Qe7 21.
Qe2 Qe6 22. Kh1 d4 23. f3 Nf6 24. e4 Nh5 25. Bc4 Qe5 26. g4 Nf4 27. Bg3 h5 28.
Bxf4 Qxf4 29. Qg2 hxg4 30. fxg4 Bxe4 31. Rxf4 Bxg2+ 32. Kxg2 Bxf4 33. Rf1 g5
34. h4 Re3 35. hxg5 Rg3+ 36. Kf2 Kg7 37. Nb6 Rh8 38. Nd5 Rh2+ 39. Ke1 Bxg5 0-1

[Event "Tradewise Gibraltar Chess Festival 2013"]
[Site "Gibraltar ENG"]
[Date "2013.01.30"]
[Round "9.19"]
[White "Stefanova, Antoaneta"]
[Black "Omar, Noaman"]
[Result "1/2-1/2"]
[WhiteElo "2516"]
[BlackElo "2314"]
[PlyCount "64"]
[EventDate "2013.01.22"]
[EventType "swiss"]
[EventRounds "10"]
[EventCountry "ENG"]
[Source "lmi"]
[SourceDate "2013.01.22"]

1. d4 d5 2. Nf3 Nf6 3. e3 c5 4. b3 cxd4 5. exd4 Nc6 6. a3 Bg4 7. Bb2 e6 8. Nbd2
Bd6 9. c4 O-O 10. Be2 Qc7 11. c5 Bf4 12. g3 Bh6 13. h3 Bxf3 14. Nxf3 Ne4 15.
Qd3 g6 16. b4 Bg7 17. Rc1 a6 18. Rc2 f5 19. Kf1 Bf6 20. Kg2 Qg7 21. Rd1 h5 22.
h4 f4 23. gxf4 Ne7 24. Rh1 Nf5 25. Kg1 Qe7 26. Ng5 Nxg5 27. hxg5 Bxg5 28. fxg5
Qxg5+ 29. Kh2 Qf4+ 30. Kg1 Qg5+ 31. Kh2 Qf4+ 32. Kg1 Qg5+ 1/2-1/2

[Event "Tradewise Gibraltar Chess Festival 2013"]
[Site "Gibraltar ENG"]
[Date "2013.01.30"]
[Round "9.21"]
[White "Docx, Stefan"]
[Black "Jussupow, Artur"]
[Result "1-0"]
[WhiteElo "2426"]
[BlackElo "2611"]
[PlyCount "111"]
[EventDate "2013.01.22"]
[EventType "swiss"]
[EventRounds "10"]
[EventCountry "ENG"]
[Source "lmi"]
[SourceDate "2013.01.22"]

1. d4 Nf6 2. c4 e6 3. Nc3 d5 4. cxd5 exd5 5. Bg5 Be7 6. e3 Nbd7 7. Nf3 O-O 8.
Qc2 Re8 9. Bd3 Nf8 10. O-O c6 11. h3 Be6 12. Bf4 N6d7 13. a3 Ng6 14. Bh2 Rc8
15. b4 a6 16. Rfc1 Bf8 17. Rab1 Qf6 18. Na4 Bxh3 19. Nc5 Bg4 20. Bg3 b5 21.
Nxa6 Bxf3 22. gxf3 Bd6 23. Bf5 Ngf8 24. Bxd6 Qxd6 25. Nc5 Rc7 26. Nxd7 Nxd7 27.
Bxh7+ Kf8 28. Bd3 Rb8 29. Kg2 Rb6 30. Rb3 Ra7 31. Rc3 Nb8 32. f4 Rba6 33. Qb2
Qd7 34. f5 Qb7 35. Rh1 Nd7 36. Qc1 Ke7 37. e4 dxe4 38. Bxe4 Nf6 39. Bxc6 Rxc6
40. Rxc6 Kd7 41. d5 Nxd5 42. Qc5 Qxc6 43. Qxa7+ Nc7+ 44. f3 Qc2+ 45. Kg3 Qd2
46. Rh4 Qe1+ 47. Kg4 Qd2 48. Kh3 Qc1 49. Re4 g6 50. fxg6 fxg6 51. Kg2 Kc8 52.
Qc5 Qd2+ 53. Kg3 g5 54. Re7 Qf4+ 55. Kg2 g4 56. Qxc7+ 1-0

[Event "Tradewise Gibraltar Chess Festival 2013"]
[Site "Gibraltar ENG"]
[Date "2013.01.30"]
[Round "9.22"]
[White "Maze, Sebastien"]
[Black "Telljohann, Sven"]
[Result "1-0"]
[WhiteElo "2546"]
[BlackElo "2423"]
[PlyCount "73"]
[EventDate "2013.01.22"]
[EventType "swiss"]
[EventRounds "10"]
[EventCountry "ENG"]
[Source "lmi"]
[SourceDate "2013.01.22"]

1. e4 d5 2. exd5 Qxd5 3. Nf3 Bg4 4. Be2 c6 5. h3 Bxf3 6. Bxf3 Qe5+ 7. Qe2 Qxe2+
8. Bxe2 Nf6 9. O-O e6 10. d4 Bd6 11. Nd2 O-O 12. Nb3 a5 13. a4 Nbd7 14. Bd2 Bc7
15. Rfe1 Nd5 16. g3 Nb4 17. Rac1 Na2 18. Rcd1 Nb4 19. c3 Nd5 20. Bf3 N5b6 21.
Ra1 Rfe8 22. Bg2 e5 23. Kf1 Kf8 24. dxe5 Bxe5 25. Be3 Nc4 26. Rad1 Re7 27. Bc1
Bf6 28. Rxe7 Kxe7 29. Bf3 Ncb6 30. Nd4 Ne5 31. Be2 g6 32. b3 Nd5 33. Ba3+ Ke8
34. Nb5 Be7 35. Bb2 Rc8 36. c4 cxb5 37. cxd5 1-0

[Event "Tradewise Gibraltar Chess Festival 2013"]
[Site "Gibraltar ENG"]
[Date "2013.01.30"]
[Round "9.23"]
[White "Kjartansson, Gudmundur"]
[Black "Salem, A.R. Saleh"]
[Result "1-0"]
[WhiteElo "2408"]
[BlackElo "2538"]
[PlyCount "161"]
[EventDate "2013.01.22"]
[EventType "swiss"]
[EventRounds "10"]
[EventCountry "ENG"]
[Source "lmi"]
[SourceDate "2013.01.22"]

1. Nf3 Nf6 2. c4 g6 3. Nc3 d5 4. cxd5 Nxd5 5. Qc2 Bg7 6. e4 Nb6 7. d4 O-O 8.
Be3 f5 9. exf5 Bxf5 10. Qb3+ Kh8 11. Rd1 Nc6 12. d5 Ne5 13. Be2 Nxf3+ 14. Bxf3
e6 15. g4 Bd3 16. Rxd3 Rxf3 17. Ke2 Rxe3+ 18. fxe3 Qh4 19. dxe6 Qxg4+ 20. Ke1
Rf8 21. Kd2 Re8 22. Kc1 Bf6 23. e7 Kg7 24. Rd8 Rxd8 25. exd8=Q Bxd8 26. Rf1 Bf6
27. Qd1 Qe6 28. Qd3 c6 29. Ne4 Be5 30. Ng5 Qc4+ 31. Qxc4 Nxc4 32. Ne6+ Kh6 33.
Rf3 Bxb2+ 34. Kc2 g5 35. Nd8 Be5 36. h3 Bc7 37. Nxb7 Kg6 38. Nc5 Ne5 39. Rf1
Bb6 40. Ne4 Bxe3 41. Rf6+ Kg7 42. Re6 Nf3 43. Kd1 Ng1 44. Ng3 Bb6 45. Nf5+ Kf7
46. Rh6 c5 47. Kd2 Bd8 48. Ke3 g4 49. h4 Nh3 50. Ke4 Nf2+ 51. Kf4 Kg8 52. Rc6
Kf7 53. Nh6+ Ke8 54. Nxg4 Bxh4 55. Nxf2 Bxf2 56. Rh6 Kd8 57. Rxh7 c4 58. Ke5 c3
59. Rh3 Be1 60. Kd6 Kc8 61. Kc6 Kd8 62. Rd3+ Kc8 63. Re3 Bh4 64. Rxc3 Kd8 65.
Rh3 Bf2 66. a4 Bb6 67. Rh5 Ke7 68. a5 Bd4 69. Rh4 Bf2 70. Re4+ Kd8 71. Re2 Bg1
72. Rd2+ Ke7 73. Rc2 Kd8 74. Kd6 Bd4 75. Rg2 Ke8 76. Ke6 Kf8 77. Rd2 Be3 78.
Rd8+ Kg7 79. Rd3 Bc5 80. Rf3 Bd4 81. Kd5 1-0

[Event "Tradewise Gibraltar Chess Festival 2013"]
[Site "Gibraltar ENG"]
[Date "2013.01.30"]
[Round "9.24"]
[White "Arakhamia-Grant, Ketevan"]
[Black "Jakubiec, Artur"]
[Result "0-1"]
[WhiteElo "2405"]
[BlackElo "2518"]
[PlyCount "106"]
[EventDate "2013.01.22"]
[EventType "swiss"]
[EventRounds "10"]
[EventCountry "ENG"]
[Source "lmi"]
[SourceDate "2013.01.22"]

1. e4 c6 2. d4 d5 3. Nc3 dxe4 4. Nxe4 Nf6 5. Nxf6+ gxf6 6. Nf3 Bg4 7. Be2 e6 8.
Bf4 Nd7 9. O-O Nb6 10. c4 Bxf3 11. Bxf3 Nxc4 12. Qb3 Nb6 13. d5 cxd5 14. a4 Bd6
15. Bh6 f5 16. a5 Qh4 17. g3 Qxh6 18. axb6 a6 19. Qa4+ Ke7 20. Rfe1 Rhd8 21.
Bxd5 Bc5 22. Rad1 Rab8 23. Qa5 Bd6 24. Bg2 Qf6 25. Rd2 h5 26. Rc1 Rd7 27. Rc7
Bxc7 28. bxc7 Rc8 29. Qc5+ Ke8 30. Bxb7 Rdxc7 31. Qb6 Rc1+ 32. Kg2 R8c2 33. Rd4
Kf8 34. Bxa6 Kg7 35. Bb7 Rb1 36. b4 Rbb2 37. Rf4 e5 38. Qxf6+ Kxf6 39. Rf3 Kg6
40. Kg1 Rxb4 41. Bd5 Rd2 42. Bb3 Rb2 43. Bd5 Rd4 44. Bb3 Rdd2 45. Bc4 e4 46.
Rf4 e3 47. fxe3 Rg2+ 48. Kf1 Rxh2 49. Kg1 Rhg2+ 50. Kh1 Rxg3 51. Bd3 Rxe3 52.
Bxf5+ Kg5 53. Rf1 Ree2 0-1

[Event "Tradewise Gibraltar Chess Festival 2013"]
[Site "Gibraltar ENG"]
[Date "2013.01.30"]
[Round "9.25"]
[White "Melia, Salome"]
[Black "Kanep, Meelis"]
[Result "0-1"]
[WhiteElo "2403"]
[BlackElo "2512"]
[PlyCount "56"]
[EventDate "2013.01.22"]
[EventType "swiss"]
[EventRounds "10"]
[EventCountry "ENG"]
[Source "lmi"]
[SourceDate "2013.01.22"]

1. e4 c5 2. Nf3 d6 3. d4 Nf6 4. Nc3 cxd4 5. Nxd4 a6 6. Bg5 Nbd7 7. Qe2 g6 8. g3
Bg7 9. Bg2 Qa5 10. Bd2 Qc7 11. h3 O-O 12. O-O Nb6 13. Rad1 e5 14. Nb3 Be6 15.
Rfe1 Nc4 16. Bc1 b5 17. Nd5 Nxd5 18. exd5 Bd7 19. c3 Rae8 20. Na1 f5 21. Nc2 f4
22. Kh2 Rf7 23. Rf1 Ref8 24. Ne1 h5 25. Bf3 Qc8 26. g4 e4 27. Bxe4 hxg4 28. f3
g3+ 0-1

[Event "Tradewise Gibraltar Chess Festival 2013"]
[Site "Gibraltar ENG"]
[Date "2013.01.30"]
[Round "9.27"]
[White "Tania, Sachdev"]
[Black "Mastrovasilis, Athanasios"]
[Result "1-0"]
[WhiteElo "2403"]
[BlackElo "2498"]
[PlyCount "127"]
[EventDate "2013.01.22"]
[EventType "swiss"]
[EventRounds "10"]
[EventCountry "ENG"]
[Source "lmi"]
[SourceDate "2013.01.22"]

1. d4 Nf6 2. c4 e6 3. Nf3 Bb4+ 4. Bd2 c5 5. Bxb4 cxb4 6. g3 O-O 7. Bg2 d6 8.
O-O Nc6 9. Nbd2 Re8 10. e4 e5 11. d5 Nb8 12. Ne1 Na6 13. Nd3 Qb6 14. a3 Bg4 15.
Bf3 Bxf3 16. Qxf3 Nd7 17. Rfb1 Ndc5 18. Nxc5 Qxc5 19. a4 Rec8 20. Nb3 Qb6 21.
Rc1 Nc5 22. Nxc5 Qxc5 23. b3 Rf8 24. Qe3 Rac8 25. Qxc5 Rxc5 26. a5 f5 27. exf5
Rxf5 28. Kg2 e4 29. Re1 Rf3 30. Re3 Rxe3 31. fxe3 Kf7 32. g4 g5 33. Ra4 Kf6 34.
Kg3 Rc7 35. Rxb4 Ke5 36. Kf2 Kf6 37. Ke2 Ke5 38. Ra4 h5 39. gxh5 Rh7 40. Rb4
Rxh5 41. Rxb7 Rxh2+ 42. Kf1 Rb2 43. b4 a6 44. b5 Ra2 45. Ra7 Ra1+ 46. Kf2 Ra2+
47. Kg3 Ra3 48. Rxa6 Rxe3+ 49. Kg4 Re1 50. Ra8 Rg1+ 51. Kh5 g4 52. a6 g3 53.
Kg4 g2 54. Kg3 e3 55. a7 Kd4 56. b6 e2 57. Re8 e1=Q+ 58. Rxe1 Rxe1 59. Kxg2
Re2+ 60. Kf3 Ra2 61. b7 Rxa7 62. b8=Q Rf7+ 63. Ke2 Kxc4 64. Qxd6 1-0

[Event "Tradewise Gibraltar Chess Festival 2013"]
[Site "Gibraltar ENG"]
[Date "2013.01.30"]
[Round "9.28"]
[White "Larino Nieto, David"]
[Black "Bellon Lopez, Juan Manuel"]
[Result "1-0"]
[WhiteElo "2497"]
[BlackElo "2404"]
[PlyCount "97"]
[EventDate "2013.01.22"]
[EventType "swiss"]
[EventRounds "10"]
[EventCountry "ENG"]
[Source "lmi"]
[SourceDate "2013.01.22"]

1. d4 d5 2. Nf3 c6 3. b3 Nf6 4. Bb2 Bf5 5. Nbd2 e6 6. Nh4 Nbd7 7. g3 Ne4 8.
Nxf5 exf5 9. f3 Nef6 10. Bh3 f4 11. gxf4 Nh5 12. Bxd7+ Kxd7 13. e3 Qh4+ 14. Ke2
Re8 15. Kd3 Qf2 16. Ne4 Rxe4 17. fxe4 dxe4+ 18. Kxe4 Ba3 19. Kd3 Re8 20. Qg4+
Kc7 21. Rae1 Bb4 22. Bc3 Bxc3 23. Kxc3 Rxe3+ 24. Rxe3 Qxe3+ 25. Kb2 Qxd4+ 26.
Kb1 g6 27. Rd1 Nf6 28. Qe2 Qe4 29. Qd2 Nd5 30. Re1 Qf5 31. Qa5+ Kd7 32. Qxa7
Qxf4 33. Qxb7+ Qc7 34. Qa8 Qd8 35. Qa7+ Qc7 36. Qd4 Qf4 37. Qd3 Qb4 38. Rf1 Ke8
39. c4 Ne7 40. Kb2 f5 41. a3 Qb8 42. Rf2 Qe5+ 43. Qc3 Qe4 44. a4 c5 45. a5 Nc6
46. a6 Nd4 47. Rd2 Qa8 48. Qa5 Nc6 49. Qc7 1-0

[Event "Tradewise Gibraltar Chess Festival 2013"]
[Site "Gibraltar ENG"]
[Date "2013.01.30"]
[Round "9.29"]
[White "Gunina, Valentina"]
[Black "Nezad, Husein Aziz"]
[Result "1-0"]
[WhiteElo "2490"]
[BlackElo "2394"]
[PlyCount "131"]
[EventDate "2013.01.22"]
[EventType "swiss"]
[EventRounds "10"]
[EventCountry "ENG"]
[Source "lmi"]
[SourceDate "2013.01.22"]

1. d4 d5 2. c4 c6 3. Nf3 Nf6 4. Nc3 e6 5. Bg5 h6 6. Bxf6 Qxf6 7. e3 g6 8. Bd3
Bg7 9. O-O O-O 10. Ne5 c5 11. cxd5 exd5 12. f4 Nc6 13. Kh1 Qd8 14. Rc1 cxd4 15.
exd4 Qb6 16. f5 Qxd4 17. Nf3 Qf6 18. fxg6 fxg6 19. Nxd5 Qd6 20. Bxg6 Rd8 21.
Nh4 Be6 22. Qc2 Ne5 23. Nc7 Bc4 24. Nxa8 Bxf1 25. Rxf1 Nxg6 26. Nxg6 Rxa8 27.
Qf5 Rd8 28. h4 Qd3 29. b3 Qxf5 30. Ne7+ Kh7 31. Nxf5 h5 32. Re1 Rd7 33. Re6 Bf8
34. Kh2 Rd3 35. Rf6 Kg8 36. Nh6+ Kg7 37. Rf7+ Kxh6 38. Rxf8 Rd2 39. Rf6+ Kg7
40. Rf5 Kg6 41. Ra5 a6 42. Kg3 Rd4 43. Rg5+ Kh6 44. Re5 Rd2 45. Ra5 Rd4 46. Ra4
Rd3+ 47. Kf4 Rd2 48. g3 Kg6 49. Ra5 Rd4+ 50. Ke3 Rg4 51. Kf3 Rd4 52. Rg5+ Kh6
53. Re5 Rd2 54. Re2 Rd3+ 55. Kf4 Rd4+ 56. Re4 Rd2 57. Re6+ Kg7 58. a4 Rd4+ 59.
Re4 Rd7 60. Rb4 Re7 61. Kf5 Rc7 62. Ke5 Re7+ 63. Kd6 Rf7 64. g4 hxg4 65. Rxg4+
Kh6 66. Kc5 1-0

[Event "Tradewise Gibraltar Chess Festival 2013"]
[Site "Gibraltar ENG"]
[Date "2013.01.30"]
[Round "9.30"]
[White "Sanchez Ibern, Marc"]
[Black "Paehtz, Elisabeth"]
[Result "0-1"]
[WhiteElo "2356"]
[BlackElo "2482"]
[PlyCount "82"]
[EventDate "2013.01.22"]
[EventType "swiss"]
[EventRounds "10"]
[EventCountry "ENG"]
[Source "lmi"]
[SourceDate "2013.01.22"]

1. e4 c5 2. Nf3 d6 3. Bb5+ Nd7 4. d4 Ngf6 5. Nc3 cxd4 6. Qxd4 e5 7. Qd3 h6 8.
b3 a6 9. Bxd7+ Bxd7 10. a4 Be7 11. Nd2 Be6 12. Nd5 Nxd5 13. exd5 Bd7 14. Nc4 b5
15. axb5 axb5 16. Rxa8 Qxa8 17. Ne3 O-O 18. c4 f5 19. O-O f4 20. Nd1 bxc4 21.
bxc4 Qa6 22. Nb2 Bd8 23. Bd2 Bb6 24. Bb4 Bd4 25. Bc3 Bc5 26. Rc1 Qa7 27. Nd1
Bf5 28. Qd2 Qa4 29. Qb2 Bg4 30. Qd2 Qb3 31. h3 Bh5 32. Nb2 Ra8 33. Nd3 Ba3 34.
Ra1 Rc8 35. Bb4 Bxb4 36. Nxb4 Rxc4 37. Nc6 Rc5 38. Kh2 Kh7 39. Ne7 Bf7 40. Ra7
Qb1 41. Qa2 Qe1 0-1

[Event "Tradewise Gibraltar Chess Festival 2013"]
[Site "Gibraltar ENG"]
[Date "2013.01.30"]
[Round "9.31"]
[White "Kvisvik, Brede"]
[Black "Tischbierek, Raj"]
[Result "1-0"]
[WhiteElo "2314"]
[BlackElo "2472"]
[PlyCount "73"]
[EventDate "2013.01.22"]
[EventType "swiss"]
[EventRounds "10"]
[EventCountry "ENG"]
[Source "lmi"]
[SourceDate "2013.01.22"]

1. e4 c5 2. Nf3 d6 3. d4 cxd4 4. Nxd4 Nf6 5. Nc3 Nc6 6. Bg5 Bd7 7. Qd2 Rc8 8.
Nb3 a6 9. f4 b5 10. Bxf6 gxf6 11. Be2 e6 12. O-O Be7 13. f5 O-O 14. Qh6 Kh8 15.
a4 b4 16. Nd1 Ne5 17. Ne3 Qb6 18. a5 Qa7 19. Kh1 Rg8 20. Rad1 Rg7 21. Nd4 Qb7
22. Rf4 Nc6 23. Rh4 Nxd4 24. Rxd4 Qa7 25. e5 dxe5 26. Rdg4 Rcg8 27. Rg3 exf5
28. Rgh3 Rd8 29. Nd5 Qf2 30. Qxh7+ Rxh7 31. Rxh7+ Kg8 32. Rh8+ Kg7 33. R3h7+
Kg6 34. Bh5+ Kg5 35. Rg7+ Kh4 36. g3+ Kh3 37. Bg4# 1-0

[Event "Tradewise Gibraltar Chess Festival 2013"]
[Site "Gibraltar ENG"]
[Date "2013.01.30"]
[Round "9.32"]
[White "Arvola, Benjamin"]
[Black "Muzychuk, Mariya"]
[Result "1/2-1/2"]
[WhiteElo "2309"]
[BlackElo "2471"]
[PlyCount "126"]
[EventDate "2013.01.22"]
[EventType "swiss"]
[EventRounds "10"]
[EventCountry "ENG"]
[Source "lmi"]
[SourceDate "2013.01.22"]

1. d4 f5 2. c4 Nf6 3. g3 g6 4. Bg2 Bg7 5. Nf3 O-O 6. O-O d6 7. Nc3 e6 8. Re1
Ne4 9. Qc2 Nxc3 10. Qxc3 Nc6 11. e4 Nxd4 12. Nxd4 c5 13. Be3 cxd4 14. Bxd4 e5
15. Be3 f4 16. Bd2 Qb6 17. Qb3 fxg3 18. Qxb6 gxh2+ 19. Kxh2 axb6 20. Be3 Be6
21. b3 Bf6 22. Red1 Be7 23. a4 h5 24. Bxb6 g5 25. f3 Rf7 26. Rd3 g4 27. fxg4
Bxg4 28. Rf1 Raf8 29. Rxf7 Kxf7 30. a5 Ke6 31. b4 Rc8 32. Rc3 Bg5 33. b5 Bd2
34. Ra3 Bc1 35. Ra2 Bf4+ 36. Kh1 h4 37. Ra3 Bc1 38. Rc3 Bd2 39. Rd3 Bb4 40. Bf1
Ra8 41. Bh3 Bxh3 42. Rxh3 Kf6 43. Rb3 Be1 44. Kh2 Ke6 45. Ra3 Rc8 46. Be3 Kd7
47. a6 bxa6 48. bxa6 Kc7 49. a7 Kb7 50. Rb3+ Ka8 51. Rb5 Bc3 52. Rd5 Bb4 53.
Rb5 Bc3 54. c5 dxc5 55. Bxc5 Bd4 56. Bd6 Kxa7 57. Bxe5 Bxe5+ 58. Rxe5 Kb6 59.
Kh3 Kc6 60. Kxh4 Kd6 61. Rd5+ Ke6 62. Kg4 Rf8 63. Rf5 Rxf5 1/2-1/2

[Event "Tradewise Gibraltar Chess Festival 2013"]
[Site "Gibraltar ENG"]
[Date "2013.01.30"]
[Round "9.33"]
[White "Dolzhikova, Olga"]
[Black "Hoang, Thanh Trang"]
[Result "0-1"]
[WhiteElo "2239"]
[BlackElo "2469"]
[PlyCount "52"]
[EventDate "2013.01.22"]
[EventType "swiss"]
[EventRounds "10"]
[EventCountry "ENG"]
[Source "lmi"]
[SourceDate "2013.01.22"]

1. e4 e6 2. d4 d5 3. e5 c5 4. c3 Nc6 5. Nf3 Nh6 6. a3 Nf5 7. b4 cxd4 8. cxd4
Bd7 9. Be2 Qb6 10. Be3 Rc8 11. O-O Be7 12. g4 Nxe3 13. fxe3 f6 14. Nbd2 O-O 15.
Kh1 fxe5 16. b5 Na5 17. Nxe5 Bxb5 18. Rb1 Bxe2 19. Qxe2 Qc7 20. Ndf3 Nc4 21. a4
Nxe5 22. Nxe5 Bd6 23. Nf3 b6 24. Rbd1 Qc2 25. Rd2 Qe4 26. h3 Rc3 0-1

[Event "Tradewise Gibraltar Chess Festival 2013"]
[Site "Gibraltar ENG"]
[Date "2013.01.30"]
[Round "9.34"]
[White "Womacka, Mathias"]
[Black "Lederman, Leon"]
[Result "1-0"]
[WhiteElo "2442"]
[BlackElo "2239"]
[PlyCount "59"]
[EventDate "2013.01.22"]
[EventType "swiss"]
[EventRounds "10"]
[EventCountry "ENG"]
[Source "lmi"]
[SourceDate "2013.01.22"]

1. e4 c5 2. Nf3 a6 3. c4 d6 4. d4 Nf6 5. Nc3 cxd4 6. Nxd4 b6 7. Be2 Bb7 8. f3
e6 9. O-O Be7 10. Be3 Nbd7 11. a4 O-O 12. a5 Qc7 13. Qd2 Rfc8 14. Rfc1 Qd8 15.
Na4 bxa5 16. Nb3 Bc6 17. Nxa5 Bxa4 18. Rxa4 d5 19. cxd5 Rxc1+ 20. Qxc1 exd5 21.
Nc6 Qf8 22. e5 Ne8 23. Rxa6 Rxa6 24. Bxa6 Bc5 25. b4 Bxb4 26. Bc8 Ba3 27. Qc3
d4 28. Bxd4 Nc7 29. Bxd7 Nb5 30. Ne7+ 1-0